Animales que comienzan con R - Estadísticas

Estadísticas generales
  • Esta prueba ha sido intentada 80 veces
  • La puntuación promedio es 6 de 8
Estadísticas de respuestas
Imagen Respuesta % Correcto
Rana
100%
Rinoceronte
100%
Reno
99%
Ratón
97%
Rata
91%
Ruiseñor
57%
Rebeco
20%
Rabijunco
10%
No se encontraron pruebas coincidentes
Distribución de puntuación
Porcentaje de gente con cada puntuación
Porcentaje por número respondido
Historial de tus puntuaciones
No has intentado esta prueba.